Hospodářské dějiny 18

Saved in:
Bibliographic Details
Format: Book
Language:Czech
Published: Praha Historický ústav ČSAV 1990
Edition:1. vyd.
Tags: Add Tag
No Tags, Be the first to tag this record!

MARC

LEADER 00000nam a2200000 4500
001 c040468
005 20250515090249.5
041 0 |a cze 
044 |a CZ 
245 1 0 |a Hospodářské dějiny 18  |c Red. František Dudek 
250 |a 1. vyd. 
264 1 |a Praha  |b Historický ústav ČSAV  |c 1990 
300 |a 336 s.